Memoria de hacienda, historia y teoría económica : (Registro nro. 12744)
[ vista simple ]
| 000 -LEADER | |
|---|---|
| fixed length control field | 01080nam a2200277Ia 4500 |
| 003 - CONTROL NUMBER IDENTIFIER | |
| control field | OSt |
| 005 - DATE AND TIME OF LATEST TRANSACTION | |
| control field | 20211118122254.0 |
| 008 - FIXED-LENGTH DATA ELEMENTS--GENERAL INFORMATION | |
| fixed length control field | 210310s1940 ck gr 000 0 spa d |
| 020 ## - INTERNATIONAL STANDARD BOOK NUMBER | |
| International Standard Book Number | 9589028691 (tomo I) |
| 020 ## - INTERNATIONAL STANDARD BOOK NUMBER | |
| International Standard Book Number | 9589028705 (tomo II) |
| 040 ## - CATALOGING SOURCE | |
| Original cataloging agency | CO-JMCR |
| Transcribing agency | CO-JMCR |
| 041 0# - LANGUAGE CODE | |
| Language code of text/sound track or separate title | spa |
| 082 04 - DEWEY DECIMAL CLASSIFICATION NUMBER | |
| Classification number | 336.861 / |
| Item number | L791m |
| Edition number | 23 |
| 100 1# - MAIN ENTRY--PERSONAL NAME | |
| Personal name | Lleras Restrepo, Carlos, |
| Relator term | autor |
| 9 (RLIN) | 28842 |
| 245 10 - TITLE STATEMENT | |
| Title | Memoria de hacienda, historia y teoría económica : |
| Statement of responsibility, etc. | 1939, 1940, 1942 / |
| Remainder of title | Carlos Lleras Restrepo ; prólogo de German Botero de los Ríos |
| 260 ## - PUBLICATION, DISTRIBUTION, ETC. | |
| Place of publication, distribution, etc. | Bogotá : |
| Name of publisher, distributor, etc. | Banco de la República, |
| Date of publication, distribution, etc. | [1940]. |
| 300 ## - PHYSICAL DESCRIPTION | |
| Extent | volúmenes 2 ; |
| Dimensions | 24 cm. |
| 490 0# - SERIES STATEMENT | |
| Series statement | Colección Bibliografía Banco de la República |
| 500 ## - GENERAL NOTE | |
| General note | Historia y Teoría de Economía |
| 505 0# - FORMATTED CONTENTS NOTE | |
| Miscellaneous information | t.1. |
| Title | El presupuesto, la tesorería y la deuda pública. |
| Miscellaneous information | t.2. |
| Title | La economía de la guerra. -- Crédito público. |
| 650 14 - SUBJECT ADDED ENTRY--TOPICAL TERM | |
| Topical term or geographic name entry element | Política económica |
| 9 (RLIN) | 29099 |
| 650 24 - SUBJECT ADDED ENTRY--TOPICAL TERM | |
| Topical term or geographic name entry element | Finanzas |
| 9 (RLIN) | 41591 |
| 650 24 - SUBJECT ADDED ENTRY--TOPICAL TERM | |
| Topical term or geographic name entry element | La política fiscal |
| 9 (RLIN) | 36752 |
| 700 1# - ADDED ENTRY--PERSONAL NAME | |
| Personal name | Botero de los Ríos, German |
| Relator term | prologuista |
| 9 (RLIN) | 7475 |
| 942 ## - ADDED ENTRY ELEMENTS (KOHA) | |
| Source of classification or shelving scheme | Dewey Decimal Classification |
| Koha item type | Books |
| Withdrawn status | Lost status | Source of classification or shelving scheme | Damaged status | Not for loan | Home library | Current library | Shelving location | Date acquired | Source of acquisition | Total Checkouts | Full call number | Barcode | Date last seen | Date last checked out | Copy number | Price effective from | Koha item type |
|---|---|---|---|---|---|---|---|---|---|---|---|---|---|---|---|---|---|
| Dewey Decimal Classification | Biblioteca Pública José María del Castillo y Rada | Biblioteca Pública José María del Castillo y Rada | General Stacks | 04/15/2018 | Donación | 1 | 336.861 / L791m | 430004393 | 05/13/2025 | 05/12/2025 | v.1 /Ej.1 | 03/10/2021 | Books | ||||
| Dewey Decimal Classification | Biblioteca Pública José María del Castillo y Rada | Biblioteca Pública José María del Castillo y Rada | General Stacks | 04/15/2018 | Donación | 1 | 336.861 / L791m | 430004392 | 05/13/2025 | 05/12/2025 | v.2 / Ej.1 | 03/10/2021 | Books |